| 000 | 00735nam a2200217 a 4500 | ||
|---|---|---|---|
| 005 | 20230324064022.0 | ||
| 008 | 031106s1992 mx 000 0 spa d | ||
| 035 | _aUPN01000135567 | ||
| 049 | _aF | ||
| 050 | 4 |
_aLB1028 _bI5.39 no.8 |
|
| 100 | 1 |
_aSilva Comelín, María Inés _930017 |
|
| 245 | 1 | 0 |
_aAcercamiento a los procesos de socialización : _blos escolares del Distrito Federal / _cMaría Inés Silva Comelín. |
| 260 |
_aMéxico : _bUPN, _c1992. |
||
| 300 | _a38 h. | ||
| 440 | 0 |
_aInforme de investigación ; _v8 |
|
| 590 | _aTambién localizas un ejemplar en el "Area de Reserva" | ||
| 650 | 4 |
_aEducación _xInvestigación _zMéxico _99022 |
|
| 650 | 2 |
_aSocialización _97257 |
|
| 650 | 4 | _aHOGAR Y ESCUELA | |
| 905 | _aLibro | ||
| 999 |
_c107718 _d107718 |
||